=LDR 00000nam 2200000 4500 =001 INLIS000000000003915 =005 20220511015242 =035 ##$$a 0010-061300000003915 =008 220511################g##########0#ind## =041 ##$$a Ind =082 ##$$a 920.720 959 8 =090 ##$$a 920.720 959 8, Bio =245 ##$$a Biografi tokoh Kongres Perempuan Indonesia Pertama /$c Oleh Suratmin...[et al.] =260 ##$$a Jakarta :$b Departemen Pendidikan Dan Kebudayaan,$c 1991 =300 ##$$a x, 183 hlm., ; $c 21 cm =650 #4$$a Indonesia =650 #4$$a Biografi wanita =700 #$$a Suratmin =850 ##$$a NBPNMAT =084 ##$$a 920.720 959 8 BIO b =990 ##$$a 00086723